Návrh komponentov upínacieho stavebnicového systému

Guardado en:
Detalles Bibliográficos
Autor principal: Holba, Karol (Autor)
Otros Autores: Moravčíková, Jana (Orientador)
Formato: Manuscrito Libro
Lenguaje:eslovaco
Publicado: 2019
Materias:
Acceso en línea:http://is.stuba.sk/zp/portal_zp.pl?podrobnosti=146370
Etiquetas: Agregar Etiqueta
Sin Etiquetas, Sea el primero en etiquetar este registro!

MARC

LEADER 00000ntm a22000003a 4500
001 stuzp67913
003 SK-STU
005 20190622210532.7
007 ta
008 150427s2015----xo-----f-mn---000-0-slo-d
040 |a STU  |b slo 
041 0 |a slo 
100 1 |a Holba, Karol  |u 063000  |4 aut  |U MTF Materiálovotechnologická fakulta  |T MTF Ústav výrobných technológií  |X 73630  |U M3000  |Y 83  |7 73630 
242 0 1 |a Design of components of clamping modular system  |y eng 
245 1 0 |a Návrh komponentov upínacieho stavebnicového systému 
260 |c 2019 
650 4 |a upínacie stavebnicové systémy  |2 slo 
650 4 |a upínanie  |2 slo 
650 4 |a modelovanie  |2 slo 
650 4 |a designing  |2 eng 
650 4 |a clamping modular systems  |2 eng 
650 4 |a clamping  |2 eng 
700 1 |a Moravčíková, Jana  |u 063200  |k Z1  |4 ths  |U MTF Ústav výrobných technológií  |T MTF Katedra obrábania a počítačovej podpory technológií  |X 1526  |U M3200  |Y 164  |7 A000001526 
856 4 |u http://is.stuba.sk/zp/portal_zp.pl?podrobnosti=146370 
996 |c M* BP-8645  |l MMSKP  |s P  |a 0  |w stuzp67913_0001